| 000 | 00000nam##2200000za#4500 |
| 001 | 9.590332 |
| 003 | CaOODSP |
| 005 | 20210624200056 |
| 007 | cr ||||||||||| |
| 008 | 150406|2009||||xxc|||||o f|0| 0 fre|d |
| 022 | |a1701-1280 |
| 040 | |aCaOODSP|bfre |
| 041 | |aeng |
| 041 | |afre |
| 043 | |an-cn--- |
| 086 | 1 |aFs70-4/2009-058-PDF |
| 110 | 1 |aCanada. |bMinistère des pêches et des océans. |
| 245 | 10|aAtelier du CEMAM sur la modélisation bayésienne de la dynamique des populations de mammifères marins : |h[ressource électronique]|b27-29 mars 2007, Institut des eaux douces, 501, University Crescent, Winnipeg, MB, Canada / |cPrésident : Pierre R. Richard. |
| 260 | |aWinnipeg - Manitoba : |bPêches et Océans Canada |cMars 2010. |
| 300 | |a54p.|bfigures, graphiques, références, tableau |
| 490 | 1 |aSecrétariat canadien de consultation scientifique, série des comptes rendus|x1701-1280|v2009/058 |
| 590 | |a14-20-Supp|b2014-11-25 |
| 791 | |tCEMAM workshop on Bayesian modelling of marine mammal population dynamics : |eeng|w(CaOODSP)9.590331 |
| 830 | #0|aCompte rendu (Secrétariat canadien de consultation scientifique)|x1701-1280|v2009/058|w(CaOODSP)9.500508 |
| 856 | 40|ahttp://publications.gc.ca|qPDF|s714 Ko|uhttps://publications.gc.ca/collections/collection_2014/mpo-dfo/Fs70-4-2009-058.pdf|y2009/058 |